Country Sets Quiz Stats

 Plays Quiz Updated Jul 2, 2018

Challenge
Share
Tweet
Embed
Score 0/40 Timer 06:00
7 Plays Today
Hint Answer % Correct
1 Country more than 10,000,000 km²Russia
92.3%
3 Countries bordering HondurasNicaragua
90.6%
3 Countries bordering HondurasEl Salvador
89.9%
4 Non-UK Countries with the Union Jack in their flagsAustralia
89.2%
3 Countries bordering HondurasGuatemala
86%
4 Countries bordering ThailandLaos
85.6%
2 Countries sandwiched between India and ChinaNepal
84.9%
4 Non-UK Countries with the Union Jack in their flagsNew Zealand
84.1%
4 Countries beginning with the letters GuGuinea
82.6%
1 Country sharing its name with a U.S. stateGeorgia
82.6%
4 Countries bordering ThailandCambodia
82.3%
2 Caribbean Countries Bordering each otherHaiti
82.2%
4 Countries beginning with the letters GuGuyana
82%
2 Caribbean Countries Bordering each otherDominican Republic
79.9%
3 Countries that are Baltic StatesLatvia
78.2%
3 Countries that are Baltic StatesEstonia
78%
3 Countries that are Baltic StatesLithuania
77.2%
4 Countries bordering ThailandMyanmar
77.1%
3 Countries with second letter ZAzerbaijan
73.1%
2 Countries sandwiched between India and ChinaBhutan
71.6%
Hint Answer % Correct
3 Countries landlocked by only one other CountryLesotho
70%
4 Countries beginning with the letters GuGuinea-Bissau
70%
4 Countries beginning with the letters GuGuatemala
68.9%
3 Countries landlocked by only one other CountryVatican City
67.7%
4 Countries bordering ThailandMalaysia
66.9%
2 West African island CountriesCabo Verde
64.3%
2 Countries containing the letter XMexico
61.5%
3 Countries with second letter ZUzbekistan
61.4%
3 Countries landlocked by only one other CountrySan Marino
59.6%
2 West African island CountriesSao Tomé and Principe
59%
1 Country with a capital starting with QEcuador (Quito)
52.7%
4 Non-UK Countries with the Union Jack in their flagsFiji
51.4%
1 Country that contains the consecutive letters 'zs'Kyrgyzstan
51.1%
3 Countries with second letter ZCzechia
43.4%
2 Countries containing the letter XLuxembourg
42.4%
4 Countries with capitals starting with YArmenia (Yerevan)
37.9%
4 Non-UK Countries with the Union Jack in their flagsTuvalu
31.1%
4 Countries with capitals starting with YCôte d’Ivoire (Yamoussoukro)
27%
4 Countries with capitals starting with YCameroon (Yaoundé)
26.6%
4 Countries with capitals starting with YNauru (Yaren)
24.6%

You're not logged in!

Compare scores with friends on all Sporcle quizzes.
OR
Log In

You Might Also Like...

Show Comments

Extras

Top Quizzes Today


Score Distribution

Your Account Isn't Verified!

In order to create a playlist on Sporcle, you need to verify the email address you used during registration. Go to your Sporcle Settings to finish the process.

Report this User

Report this user for behavior that violates our Community Guidelines.

Details: